Rural gays and lesbians : building on the strengths of communities /

Saved in:
Bibliografiske detaljer
Hovedforfatter: Smith, James Donald (Author)
Andre forfattere: Mancoske, Ronald J.
Format: Bog
Sprog:engelsk
Udgivet: New York : harrington, c1997
Tags: Tilføj Tag
Ingen Tags, Vær først til at tagge denne postø!

MARC

LEADER 00000nam a22000007i 4500
001 IT\ICCU\UBO\3536690
003 ItRI
005 20260115231821.0
008 081203s1997 xxu|||||| ||||| |||||c
020 |a 0789003627 
040 |b ita  |c importazione bologna sebina 
041 7 |a eng  |2 ISO-639-2 
100 1 |a Smith, James Donald  |0 IT\ICCU\PUVV\179972  |4 aut 
245 1 0 |a Rural gays and lesbians :  |b building on the strengths of communities /  |c James Donald Smith, Roland J. Mancoske. 
260 |a New York :  |b harrington,  |c c1997 
300 |a xviii, 121 p. ;  |c 22 cm. 
700 1 |a Mancoske, Ronald J.  |0 IT\ICCU\UBOV\294846 
942 |2 ddc  |c BK  |n 0 
952 |0 0  |1 0  |4 0  |6 DOC_362_800000000000000_SMI  |7 0  |9 13436  |a BO  |b BO  |d 2026-01-15  |i 4465  |l 0  |o DOC 362.8 SMI  |p BO4465  |r 2026-01-15 23:18:21  |w 2026-01-15  |x [Sebina 5] [1 v.]  |y BK  |z 1 v. 
999 |c 11547  |d 11547